| 000 | 00786nam a2200205 a 4500 | ||
|---|---|---|---|
| 008 | 101013s2007 ||||||||||||||||| || u | ||
| 020 | _a9781846286582 | ||
| 050 | _aT 58.5 Kiz | ||
| 100 | _aKizza, Joseph Migga | ||
| 245 | 1 | 0 |
_aEthical and social issues in the information age. -- 3rd ed. _cJoseph Migga Kizza |
| 250 | _a3rd ed. | ||
| 260 |
_aLondon _bSpringer _c2007 |
||
| 300 | _axxii, 429p.: ill | ||
| 350 | _a0.00 | ||
| 490 | _aTexts in computer science | ||
| 650 | 0 | _aINFORMATION TECHNOLOGY--SOCIAL ASPECTS | |
| 650 | 7 |
_aTECHNOLOGY _2fast |
|
| 650 | _aINFORMATION TECHNOLOGY--MORAL AND ETHICAL ASPECTS | ||
| 995 |
_D0.00 _FCBU-MAIN LIBRARY (Kitwe) _H1 _I0.00 _M1 _UAVAILABLE _WDec 22, 2010 _ZMain Library Open Access Collection |
||
| 999 |
_c42512 _d42512 |
||